| 000 | 00911nam0a2200289 4500 | ||
|---|---|---|---|
| 001 | RU\NLR\bibl\802847 | ||
| 005 | 20250614130138.0 | ||
| 010 |
_a5-699-08285-9 _912000 |
||
| 021 |
_aRU _b2005-8808 _9459 |
||
| 035 | _a(NLR Aleph) 000792007 | ||
| 090 |
_a1127646 _c1127646 |
||
| 100 | _a20050524d2004 |||y0rusy50 ca | ||
| 101 | 0 | _arus | |
| 102 | _aRU | ||
| 105 | _ay ||||||||| | ||
| 200 | 1 |
_aРога для блудного супруга _e[повесть] _fАнастасия Лялькина |
|
| 210 |
_aМосква _cЭксмо _d2004 |
||
| 215 |
_a316 с. _d17 |
||
| 225 | 1 | _aИронический детектив | |
| 686 | _aШ6(2=Р)75-446 | ||
| 700 | 1 |
_aЛялькина _bА. С. _gАнастасия Сергеевна _4070 |
|
| 801 | 0 |
_aRU _bNLR _c20050524 _gPSBO |
|
| 801 | 1 |
_aRU _bNLR _c20050524 |
|
| 942 | _cBOOK | ||
| 980 | _aNB | ||